| 000 | 00630nam a22001937a 4500 | ||
|---|---|---|---|
| 005 | 20251108165351.0 | ||
| 008 | 250721s1982 xx 000 0 ara d | ||
| 082 | 1 | 4 | _aم/922.1/زكر |
| 100 | 1 | _aأبو زكريا، يحيى بن أبي بكر | |
| 245 | 1 | 0 | _aكتاب سير الأئمة و أخبارهم المعروف بتاريخ أبي زكريا / |
| 250 | _aط2 | ||
| 264 | 1 |
_aبيروت : _bدار المغرب الإسلامي، _c1982. |
|
| 300 | _a308ص | ||
| 650 | 1 | 7 | _aالإسلام |
| 650 | 1 | 7 | _aالتراجم |
| 700 | 1 |
_aالعربي، إسماعيل _eتحقيق |
|
| 942 |
_2ddc _cREF |
||
| 999 |
_c26182 _d26182 |
||